• 首页
  • 本馆介绍
  • 公告通知
  • 最新文献
  • 馆藏检索
  • 电子资源
  • 读者导购
  • 参考咨询
  • 我的图书馆
  • 登录
  • 详细信息显示
  • 放入我的书架
  • 预约/预借图书
  • 作者相关作品
  • 分类相关作品
  • 丛书相关作品
  • 出版社相关作品

书目信息

  • 表格格式
  • 工作单格式
  • 卡片格式
题名:
中国学校评估工作实用全书
    
 
作者: 田晓娜 主编
分册:  
出版信息: 北京   国际文化出版公司  1995.04
页数: 909页
开本: 26cm
丛书名:
单 册:
中图分类: G449.7
科图分类:
主题词: 教育心理学
电子资源:
ISBN: 7-80105-242-0
000 00582nam0 2200193 450
001 0662116187
005 20061108171720.54
010    @a7-80105-242-0@dCNY88.00
100    @a20061108d1995 km y0chiy0120 ea
101 0  @achi
102    @aCN
200 1  @a中国学校评估工作实用全书@Azhong guo xue xiao ping gu gong zuo shi yong quan shu@f田晓娜主编@Ftian xiao na zhu bian
210    @a北京@c国际文化出版公司@d1995.04
215    @a909页@d26cm
606 0  @a教育心理学
690    @aG449.7@v3
701  0 @a田晓娜@Atian xiao na@4主编
801  0 @aCN@bPFT@c20061108
905    @a10447@dG449.7@e65
    
    中国学校评估工作实用全书/田晓娜主编.-北京:国际文化出版公司,1995.04
    909页;26cm
    
    
    ISBN 7-80105-242-0:CNY88.00
    
●
相关链接 在E读中查询图书 在五车中查询图书 在当当中查询图书 在豆瓣中查询图书


正题名:中国学校评估工作实用全书     索取号:G449.7/65         预约/预借

序号 登录号 条形码 馆藏地/架位号 状态 备注
1 0281596   002815966   第一样本阅览室/ [索取号:G449.7/65] 在馆    
唐山师范学院图书馆 欢迎您!
大连网信软件有限公司© 版权所有